00411nam a2200109Ia 4500008004100000020005500041040000800096082001800104100002300122245013100145264002500276231129s9999||||xx |||||||||||||| ||spa|| a84-7628-012-2  bspa a946.063 R425y aRaparaz Carmen de 0aYo Solo : Bernardo de Galvez y la toma de Panzacola en 1781. Una contribucion espanola a la independencia delos Estados Unidos aEdiciones del Serbal